Spectroscopic challenges of photoionized plasmas (Record no. 14629)

MARC details
000 -LEADER
fixed length control field 00937nam a2200253Ia 4500
003 - CONTROL NUMBER IDENTIFIER
control field IN-BaIIA
008 - FIXED-LENGTH DATA ELEMENTS--GENERAL INFORMATION
fixed length control field 211028s9999 xx 000 0 eng d
020 ## - INTERNATIONAL STANDARD BOOK NUMBER
International Standard Book Number 1-58381-085-4
040 ## - CATALOGING SOURCE
Transcribing agency IIA Library
080 ## - UNIVERSAL DECIMAL CLASSIFICATION NUMBER
Universal Decimal Classification number 082.2:52
Item number ASP-247
111 ## - MAIN ENTRY--MEETING NAME
Meeting name or jurisdiction name as entry element Conference Spectroscopic Challenges of Photoionized Plasmas
Location of meeting Kentucky, U.S.A.
Date of meeting or treaty signing 2000 Nov. 13-17
9 (RLIN) 26066
245 #0 - TITLE STATEMENT
Title Spectroscopic challenges of photoionized plasmas
Remainder of title proceedings of a conference held in Kentucky, U.S.A., November 13-17, 2000
Statement of responsibility, etc. edited by G. Ferland and D. W. Savin
260 ## - PUBLICATION, DISTRIBUTION, ETC.
Place of publication, distribution, etc. California
Name of publisher, distributor, etc. Astronomical Society of the Pacific
Date of publication, distribution, etc. 2001
300 ## - PHYSICAL DESCRIPTION
Extent xiv, 556p.
490 ## - SERIES STATEMENT
Series statement ASP conference series; v. 247
650 ## - SUBJECT ADDED ENTRY--TOPICAL TERM
Topical term or geographic name entry element Astrophysics
9 (RLIN) 794
650 ## - SUBJECT ADDED ENTRY--TOPICAL TERM
Topical term or geographic name entry element Atomic physics
9 (RLIN) 1547
650 ## - SUBJECT ADDED ENTRY--TOPICAL TERM
Topical term or geographic name entry element Photoionisation
9 (RLIN) 26067
650 ## - SUBJECT ADDED ENTRY--TOPICAL TERM
Topical term or geographic name entry element Plasams
9 (RLIN) 26068
650 ## - SUBJECT ADDED ENTRY--TOPICAL TERM
Topical term or geographic name entry element Spectroscopy
9 (RLIN) 1535
700 ## - ADDED ENTRY--PERSONAL NAME
Personal name Ferland, G., ed.
9 (RLIN) 26069
700 ## - ADDED ENTRY--PERSONAL NAME
Personal name Savin, D. W., ed.
9 (RLIN) 26070
942 ## - ADDED ENTRY ELEMENTS (KOHA)
Koha item type Books
Holdings
Withdrawn status Lost status Damaged status Not for loan Home library Current library Shelving location Date acquired Total Checkouts Full call number Barcode Date last seen Price effective from Koha item type
        IIA Library-Bangalore IIA Library-Bangalore General Stacks 08/05/2002   082.2:52/ ASP-247 15551 05/11/2021 08/05/2002 Books

Powered by Koha